LEADER 00994nam--2200349---450- 001 990006089220203316 005 20151021121637.0 035 $a000608922 035 $aUSA01000608922 035 $a(ALEPH)000608922USA01 035 $a000608922 100 $a20151021d1990----km-y0itay50------ba 101 0 $aita 102 $aIT 105 $a||||||||001yy 200 1 $aPavese giovane 210 $aTorino$cEinaudi$d1990 215 $aXIV, 171 p.$d20 cm 225 2 $aEinaudi tascabili 300 $aEdizione fuori commercio supplemento al n. 214 (1990) de l'Unità 410 0$12001$aEinaudi tascabili 676 $a853.912 700 1$aPAVESE,$bCesare$f<1908-1950>$0167779 801 0$aIT$bsalbc$gISBD 912 $a990006089220203316 951 $aXV.9.M. 1667$b3622 MAR$cXV.9.M.$d00347416 959 $aBK 969 $aMAR 979 $aIANNONE$b90$c20151021$lUSA01$h0936 979 $aIANNONE$b90$c20151021$lUSA01$h1216 996 $aPavese giovane$91382745 997 $aUNISA